| 000 | 00628cam a22002291 4500 | ||
|---|---|---|---|
| 001 | 6058642 | ||
| 005 | 20180209072405.0 | ||
| 008 | 711103s1956 mau b 000 0 eng | ||
| 010 | _a 56011278 | ||
| 015 | _aGB56-17274 | ||
| 035 | _a(OCoLC)168385 | ||
| 040 |
_aDLC _cODaWU _dOCoLC _dUk _dDLC |
||
| 041 | _aeng | ||
| 080 | _a338.52 | ||
| 082 | _a338.52 BAI | ||
| 100 | 1 | _a19 | |
| 101 | _aSHP | ||
| 245 | 1 | 0 | _aBarriers to new competition, |
| 504 | _aBibliography: p. [319]-321. | ||
| 906 |
_a7 _bcbc _coclcrpl _du _encip _f19 _gy-gencatlg |
||
| 942 |
_2ddc _cBK |
||
| 999 |
_c42257 _d42257 |
||